Obrazki łagierne Włodzimierza Kowańki

Titel: Obrazki łagierne Włodzimierza Kowańki
Verfasser:
In: Album amicorum, (2008), Seite 195-210
alle Artikel anzeigen
Veröffentlicht: 2008
Format: Aufsatz
Sprache: Polnisch
Kein Bild verfügbar
X
alg: 39442323
001A    $01999:12-11-16 
001B    $01999:01-06-17 $t17:46:03.000 
001D    $01999:12-11-16 
001U    $0utf8 
001X    $00 
002@    $0Aox 
003@    $0394423232 
007A    $0394423232 $aHEB 
007T    $0Herdkk00042372 
010@    $apol 
011@    $a2008 
021A    $aObrazki łagierne Włodzimierza Kowańki 
028A    $aMansfeld $dBogusław 
031A    $h195-210 $j2008 
039B    $aIn $8--Aau--. Album amicorum. - Toruń : Wydawnictwo Naukowe Uniwersytetu Mikołaja Kopernika, 2008. - 407 S.. - Ill.. - ISBN 83-231-2205-9 $x200800000000000805 $9366207512 

lok: 39442323 78

exp: 39442323 78 1 #EPN
201B/01 $018-11-16 $t11:33:48.000 
201U/01 $0utf8 
203@/01 $0790533642 
208@/01 $a12-11-16 $be 
209A/01 $a/ $f000 $x00 
220C/01 $aHerkunft: PBB/IH PAN 
244Z/01 $2Trx $#Poola $#Lenkija $#Polija $#Polen Land $#Poland $#Lengyelország $#Poľsko $#Polsko $8--Trx--Polska$gkraj $x01 $9391345966 
244Z/01 $2Trx $8--Trx--Kowańko, Włodzimierz$Z1913-1966 $x02 $9390770523 
244Z/01 $2Trx $#graafikud $#grafikai $#illustrator $#grafikus $#graficy $#grafici $#grafici $#Zeichner $#rysownicy $#kresliči $#kreslíři $8--Trx--Graphiker $x03 $9391374192 
244Z/01 $2Trx $8--Trx--Einzelbeiträge $x04 $9391384570 
245Z/01 $a11.10;12.03 $x01 
247C/01 $82080>Marburg/Lahn, Herder-Institut, Forschungsbibliothek, Bibliographieportal $9336309341
LEADER 00000caa a22000002c 4500
001 394423232
003 DE-603
005 20170601174603.0
007 tu
008 161112s2008 xx |||| | u00||u|pol c
035 |a (DE-599)HEB394423232 
040 |a DE-603  |b ger  |c DE-603  |d DE-603 
041 |a pol 
100 1 |a Mansfeld, Bogusław 
245 0 0 |a Obrazki łagierne Włodzimierza Kowańki 
264 0 |c 2008 
773 0 8 |i In  |t Album amicorum  |d Toruń : Wydawnictwo Naukowe Uniwersytetu Mikołaja Kopernika, 2008  |h 407 S., Ill.  |z 8323122059  |z 9788323122050  |g (2008), Seite 195-210  |w (DE-603)366207512 
924 0 |9 2080  |a (DE-603)790533642  |b DE-2080  |c HES  |d d  |g /